| 000 | 01064cam a22002054a 4500 | ||
|---|---|---|---|
| 005 | 20250605164139.0 | ||
| 008 | 250528s ||||||||||||||||||||||||d | ||
| 035 | _a18884 | ||
| 020 | _a801818796 | ||
| 040 |
_aGR-AtMCL _bgre _dGR-AtMCL _eAACR2 |
||
| 245 | 1 | _aOf Grammatology | |
| 250 | _a1st | ||
| 260 |
_bThe John Hopkins University Press, _c1976 |
||
| 300 | _a358 | ||
| 520 | _aAn event of great importance for humanistic studies in the English-reading world. Acknowledgements, Preface, Exergue, The End of the Book and the Beginning of Writing, Linguistics and Grammatology, Of Grammatology as a Positive Science, Nature and Culture and Writing, Introduction to the ''Age of Rousseau'', The Violence of the Letter: From Levi-Strauss to Rousseau, ''... That Dangerous Supplement'', Genesis and Structure of the Essay on the Origin of Languages, The Place of the ''Essay'' Imitation, Articulation, From/ Of the Supplement to the Source: The Theory of Writing, Notes. | ||
| 700 | 1 |
_aDerrida Jacques _9229 |
|
| 942 | _cBK | ||
| 999 |
_c4190 _d4190 |
||